000 00368nam a2200145Ia 4500
008 100122s9999 xx 000 0 und d
082 _b11294
_a823.08
100 _aनांगरे बलराम
245 _aअंतर
260 _bगं.रा.फाटक
_c1961
300 _a119
630 _aअंतर
730 _aअंतर
942 _cBOOK
999 _c402700
_d402697